Gói thuốc lá /

Đã lưu trong:
书目详细资料
主要作者: Thế Lữ
格式: Sách giấy
语言:Vietnamese
出版: TP.HCM : Văn nghệ , 1999
标签: 添加标签
没有标签, 成为第一个标记此记录!
Thư viện lưu trữ: Thư viện Trường Đại học Đà Lạt
LEADER 00521nam a2200241 4500
001 DLU020017774
005 ##4/29/2001
020 # # |a 978- 
041 # # |a vie 
082 # # |a TV  |b TH-L 
100 # # |a Thế Lữ 
245 # # |a Gói thuốc lá /  |c Thế Lữ 
260 # # |a TP.HCM :  |b Văn nghệ ,  |c 1999 
300 # # |a 211 tr.;   |c 14 cm. 
992 # # |a 16000 
994 # # |a DLU 
900 # # |a False 
911 # # |a Administrator 
925 # # |a G 
926 # # |a A 
927 # # |a SH 
980 # # |a Thư viện Trường Đại học Đà Lạt